000 00720nas a2200253 4500
001 BR2012008587
003 BR-BrBNA
005 20231205121424.0
007 ta
008 230509b bl.|||p| |||| 00| 00por d
040 _aBR-BrBNA
_bpor
_cBiblioteca Nacional de Agricultura
041 _a(Pt)
072 _aF08; F06
100 1 _aBortoletto, N.
245 1 _aPlantio direto de algodão no noroeste
650 _aALGODÃO
650 _aPLANTIO DIRETO
650 _aIRRIGAÇÃO POR PIVÔ CENTRAL
650 _aRESTEVA
650 _aTRIGO
773 0 _tO Agronômico (Brazil)
_xISSN 0365-2726
_g(Jan-Apr 2000), v. 52(1) p. 20
_wBR2012008587
909 _a202311
_bLúcia
_c55
_dLúcia Elande
942 _2AGRIS
_n0
_cANA
999 _c223488
_d223488